UBT Library

Sexuality, society, and feminism / (Record no. 43699)

000 -LEADER
fixed length control field 00905cam a22002534a 4500
001 - CONTROL NUMBER
control field 11778764
005 - DATE AND TIME OF LATEST TRANSACTION
control field 20180228064259.0
008 - FIXED-LENGTH DATA ELEMENTS--GENERAL INFORMATION
fixed length control field 990809s2000 dcu b 001 0 eng
010 ## - LIBRARY OF CONGRESS CONTROL NUMBER
LC control number 99044905
020 ## - INTERNATIONAL STANDARD BOOK NUMBER
International Standard Book Number 1557986177 (hbk.)
035 ## - SYSTEM CONTROL NUMBER
System control number (DLC) 99044905
040 ## - CATALOGING SOURCE
Original cataloging agency DLC
Transcribing agency DLC
Modifying agency DLC
041 ## - LANGUAGE CODE
Language code of text/sound track or separate title eng
042 ## - AUTHENTICATION CODE
Authentication code pcc
080 ## - UNIVERSAL DECIMAL CLASSIFICATION NUMBER
Universal Decimal Classification number 306.7 che
082 00 - DEWEY DECIMAL CLASSIFICATION NUMBER
Classification number 306.7 che
Edition number 21
100 ## - Rafti
Rafti 50
101 ## - Shkurtesa
Shkurtesa soc
245 00 - TITLE STATEMENT
Title Sexuality, society, and feminism /
Statement of responsibility, etc edited by Cheryl B. Travis and Jacquelyn W. White.
504 ## - BIBLIOGRAPHY, ETC. NOTE
Bibliography, etc Includes bibliographical references and index.
906 ## - LOCAL DATA ELEMENT F, LDF (RLIN)
a 7
b cbc
c orignew
d 1
e ocip
f 19
g y-gencatlg
942 ## - ADDED ENTRY ELEMENTS (KOHA)
Source of classification or shelving scheme
Item type Books
Holdings
Withdrawn status Lost status Source of classification or shelving scheme Damaged status Not for loan Collection code Permanent location Current location Shelving location Date acquired Total Checkouts Full call number Barcode Date last seen Price effective from Koha item type
          Koleksioni i përgjithshem UBT - Lipjan UBT - Lipjan Koleksioni i përgjithshem 02/28/2018   306.7 che 002-3000107 02/28/2018 02/28/2018 Books
UBT Library © 2015-2024. All rights reserved University Education for Business and Technology